00370nam a2200145Ia 4500003000400000008004100004040001600045082001700061100002100078245004900099260002000148650001500168650001900183650002200202GCL140319s9999 xx 000 0 eng d aGCL / cGCL04aCHb843bB P1 aBOTTET, BEATRICE10aLE PETIT CHAPERON ROUGE / cBOTTET, BEATRICE a[S.N] : bHEMMA04aLITERATURE04aFRENCH FICTION04aFRENCH LITERATURE